Dictionaire génerale des Lettres, des Beaux-Arts et des Sciences Morales et Politiques / (Record no. 28149)

MARC details
000 -LEADER
campo de control de longitud fija 00583nam a2200157 i 4500
001 - NÚMERO DE CONTROL
campo de control 28149
003 - IDENTIFICADOR DE NÚMERO DE CONTROL
campo de control ES-MaACL
007 - CAMPO FIJO DE DESCRIPCIÓN FÍSICA--INFORMACIÓN GENERAL
campo de control de longitud fija t|
008 - DATOS DE LONGITUD FIJA--INFORMACIÓN GENERAL
campo de control de longitud fija 030116s1862 fr ||||1| fre d
100 1# - ENTRADA PRINCIPAL--NOMBRE DE PERSONA
Nombre de persona Bachelet, Th.
9 (RLIN) 24468
245 10 - MENCIÓN DEL TÍTULO
Título Dictionaire génerale des Lettres, des Beaux-Arts et des Sciences Morales et Politiques /
Mención de responsabilidad, etc. par Th. Bachelet ; une Societe de Litterateures d'Artistes, des Publicistes avec laco-direction de M. Ch. Dezobry.
260 ## - PUBLICACIÓN, DISTRIBUCIÓN, ETC.
Lugar de publicación, distribución, etc. París :
Nombre del editor, distribuidor, etc. [s.n.,
Fecha de publicación, distribución, etc. 1862] (
Fabricante J. Claye)
300 ## - DESCRIPCIÓN FÍSICA
Extensión 2 v. ;
Dimensiones 28 cm.
700 1# - ENTRADA AGREGADA--NOMBRE PERSONAL
Nombre de persona Dezobry, M. Ch.
9 (RLIN) 44062
852 ## - LOCALIZACIÓN
Ubicación ES-MaACL
Número de control de estantería C-626-27
Holdings
Estatus retirado Estado de pérdida Estado de daño No para préstamo Colección Biblioteca de origen Biblioteca actual Ubicación en estantería Fecha de adquisición Fuente de adquisición Total de préstamos Signatura topográfica completa Código de barras Visto por última vez Precio de reemplazo Tipo de ítem Koha
        Libros del s. XIX Biblioteca del Ateneo de Madrid Biblioteca del Ateneo de Madrid Sala Palomar 17/01/2008     C-626-27 1029060 23/02/2023 23/02/2023 Libro impreso antiguo